[Event "Titled Tuesday intern op 19th Sep Early"]
[Site "Chess.com INT"]
[Date "2023.09.19"]
[Round "3"]
[White "Illingworth, Max"]
[Black "Bashirli, Nail Qoshqar"]
[Result "1-0"]
[WhiteElo "2493"]
[BlackElo "2327"]
[PlyCount "97"]
[EventDate "2023.09.19"]
[EventType "swiss (blitz)"]
[EventRounds "11"]
[EventCountry "USA"]
[SourceTitle "EXT 2024"]
[Source "ChessBase"]
[SourceDate "2023.10.10"]
[SourceVersion "1"]
[SourceVersionDate "2023.10.10"]
[SourceQuality "1"]

1. d4 Nf6 2. Nf3 e6 3. Bf4 b6 4. e3 Bb7 5. Bd3 g6 6. c4 Bg7 7. Nc3 0-0 8. 0-0 d6 9. e4 Nbd7 10. h3 e5 11. dxe5 Nh5 12. Bg5 f6 13. exf6 Bxf6 14. Bh6 Rf7 15. Qd2 Bxc3 16. bxc3 Rxf3 17. gxf3 Ne5 18. Be2 Qh4 19. Qg5 Qxh3 20. Qg2 Qe6 21. f4 Nf7 22. Bxh5 Nxh6 23. f5 Qxc4 24. fxg6 Bxe4 25. Bf3 Re8 26. Rae1 d5 27. Bxe4 dxe4 28. gxh7+ Kxh7 29. Re3 Re7 30. Rfe1 Rg7 31. Rg3 Rxg3 32. Qxg3 Qc6 33. Re3 Qg6 34. Qxg6+ Kxg6 35. Rxe4 Nf5 36. Kf1 Kf6 37. Ke2 Nd6 38. Rd4 Ke5 39. Kd3 c5 40. f4+ Ke6 41. Ra4 a5 42. c4 Nf5 43. Ra3 Nd4 44. Ke4 Nf5 45. Rh3 Nd6+ 46. Kd3 Kf5 47. Rh6 Nf7 48. Rxb6 Kxf4 49. Rf6+ 1-0

[Event "Titled Tuesday intern op 19th Sep Early"]
[Site "Chess.com INT"]
[Date "2023.09.19"]
[Round "1"]
[White "Illingworth, Max"]
[Black "Panda, Sambit"]
[Result "1-0"]
[WhiteElo "2493"]
[BlackElo "2395"]
[PlyCount "93"]
[EventDate "2023.09.19"]
[EventType "swiss (blitz)"]
[EventRounds "11"]
[EventCountry "USA"]
[SourceTitle "EXT 2024"]
[Source "ChessBase"]
[SourceDate "2023.10.10"]
[SourceVersion "1"]
[SourceVersionDate "2023.10.10"]
[SourceQuality "1"]

1. g3 c6 2. Bg2 d5 3. d3 g6 4. Nd2 Bg7 5. e4 e5 6. Ngf3 Ne7 7. 0-0 0-0 8. Re1 Nd7 9. a4 dxe4 10. Nxe4 Nd5 11. Nd6 Qc7 12. Nxc8 Raxc8 13. c3 Rfe8 14. Bd2 Rcd8 15. Qc2 Nc5 16. b4 Ne6 17. Re2 c5 18. b5 f6 19. Rae1 Ne7 20. Qa2 Nf5 21. g4 Nd6 22. d4 cxd4 23. cxd4 e4 24. Bf4 exf3 25. Rxe6 Rxe6 26. Qxe6+ Qf7 27. Bxf3 Bf8 28. Kg2 Qxe6 29. Rxe6 Kf7 30. Re1 b6 31. Rc1 Rd7 32. Bd5+ Kg7 33. Be6 Re7 34. d5 Ne4 35. Rc8 Nc5 36. Bd6 Rf7 37. Bxf7 Bxd6 38. Be6 Be5 39. Ra8 Kh6 40. Rxa7 Kg5 41. a5 bxa5 42. Rxa5 Kf4 43. b6 Nb7 44. Ra7 Nd6 45. b7 Nxb7 46. Rxb7 h5 47. Rb4+ 1-0

[Event "Asia Nations online Cup final"]
[Site "Chess.com INT"]
[Date "2020.10.25"]
[Round "6.1"]
[White "Ganguly, Surya Shekhar"]
[Black "Illingworth, Max"]
[Result "1-0"]
[WhiteElo "2635"]
[BlackElo "2493"]
[PlyCount "117"]
[EventDate "2020.10.23"]
[EventType "team-k.o. (rapid)"]
[EventRounds "6"]
[EventCountry "IND"]
[SourceTitle "CBM 199 Extra"]
[Source "ChessBase"]
[SourceDate "2021.01.31"]
[SourceVersion "1"]
[SourceVersionDate "2021.01.31"]
[SourceQuality "1"]
[WhiteTeam "India"]
[BlackTeam "Australia"]
[WhiteTeamCountry "IND"]
[BlackTeamCountry "AUS"]

1. c4 Nf6 2. Nc3 c5 3. Nf3 e6 4. d4 cxd4 5. Nxd4 Nc6 6. g3 Qb6 7. Ndb5 Ne5 8. Bg2 a6 9. Qa4 Rb8 10. Na3 Qb4 11. Bf4 Qxa4 12. Nxa4 d6 13. Nb6 Bd7 14. Nxd7 Nfxd7 15. Rc1 Be7 16. 0-0 0-0 17. Be3 Rbc8 18. Rc2 Rc7 19. Rfc1 Rfc8 20. h3 g5 21. Bd2 Kf8 22. Ba5 b6 23. Bb4 f5 24. b3 h5 25. Rd1 Nc5 26. Rcd2 Kf7 27. Nc2 g4 28. Nd4 Ned7 29. Bc3 Nf6 30. f3 Rg8 31. hxg4 hxg4 32. Kf2 b5 33. cxb5 Nxb3 34. axb3 Rxc3 35. bxa6 d5 36. Rc2 Rxc2 37. Nxc2 Bc5+ 38. Ke1 gxf3 39. Bxf3 Rxg3 40. b4 Ba7 41. Kd2 Rg8 42. Na3 Rb8 43. Rc1 Ne8 44. Bh5+ Kf6 45. Bxe8 Rxe8 46. Rc7 Ra8 47. b5 Ke5 48. Rc6 Rb8 49. Kc3 f4 50. Kb4 Be3 51. Ka5 Bd2+ 52. Ka4 Be3 53. Nc2 d4 54. Nb4 Rh8 55. b6 Kf5 56. Nd3 e5 57. b7 e4 58. a7 exd3 59. exd3 1-0

[Event "Asia Nations online Cup final"]
[Site "Chess.com INT"]
[Date "2020.10.24"]
[Round "3.2"]
[White "Tabatabaei, Mohammad Amin"]
[Black "Illingworth, Max"]
[Result "1-0"]
[WhiteElo "2629"]
[BlackElo "2493"]
[PlyCount "105"]
[EventDate "2020.10.23"]
[EventType "team-k.o. (rapid)"]
[EventRounds "6"]
[EventCountry "IND"]
[SourceTitle "CBM 199 Extra"]
[Source "ChessBase"]
[SourceDate "2021.01.31"]
[SourceVersion "1"]
[SourceVersionDate "2021.01.31"]
[SourceQuality "1"]
[WhiteTeam "Iran"]
[BlackTeam "Australia"]
[WhiteTeamCountry "IRI"]
[BlackTeamCountry "AUS"]

1. Nf3 c5 2. e4 d6 3. d4 cxd4 4. Nxd4 Nf6 5. Nc3 a6 6. h3 e5 7. Nde2 h5 8. g3 Be6 9. Bg2 b5 10. 0-0 Nbd7 11. Bg5 Be7 12. b3 Rc8 13. Kh1 0-0 14. f4 Nb6 15. a4 b4 16. Nd5 Nfxd5 17. exd5 Bf5 18. Bxe7 Qxe7 19. Rc1 Rc5 20. Qd2 Rfc8 21. fxe5 Rxc2 22. exd6 Rxd2 23. dxe7 Rxe2 24. Rxc8+ Bxc8 25. d6 Bd7 26. Rc1 Kh7 27. a5 Nc8 28. Rxc8 Bxc8 29. Bc6 Kg6 30. e8Q Rxe8 31. Bxe8 Kf6 32. d7 Bb7+ 33. Kg1 Ke7 34. Bxf7 Kxd7 35. Kf2 h4 36. gxh4 Kd6 37. Ke3 Ke5 38. Kd3 Kf4 39. Kc4 Kg3 40. Be6 Kxh4 41. Kxb4 Bg2 42. Kc3 g5 43. b4 Bf1 44. Bc8 Kg3 45. Bd7 Kf4 46. Kd4 Be2 47. Bc8 Bf1 48. Kc5 Ke5 49. Bxa6 Bxa6 50. b5 Bc8 51. a6 Bxh3 52. b6 Bf1 53. b7 1-0

[Event "Asia Nations online Cup final"]
[Site "Chess.com INT"]
[Date "2020.10.23"]
[Round "2.4"]
[White "Illingworth, Max"]
[Black "Priasmoro, Novendra"]
[Result "1/2-1/2"]
[WhiteElo "2493"]
[BlackElo "2502"]
[PlyCount "156"]
[EventDate "2020.10.23"]
[EventType "team-k.o. (rapid)"]
[EventRounds "6"]
[EventCountry "IND"]
[SourceTitle "CBM 199 Extra"]
[Source "ChessBase"]
[SourceDate "2021.01.31"]
[SourceVersion "1"]
[SourceVersionDate "2021.01.31"]
[SourceQuality "1"]
[WhiteTeam "Australia"]
[BlackTeam "Indonesia"]
[WhiteTeamCountry "AUS"]
[BlackTeamCountry "INA"]

1. e4 c5 2. Nf3 Nc6 3. d4 cxd4 4. Nxd4 g6 5. c4 Nf6 6. Nc3 d6 7. f3 Nxd4 8. Qxd4 Bg7 9. Be3 0-0 10. Qd2 a5 11. b3 Bd7 12. Rc1 Bc6 13. Be2 Nd7 14. 0-0 Nc5 15. Rfd1 Qb6 16. Nd5 Bxd5 17. cxd5 Rfc8 18. Rc2 Qd8 19. Rdc1 h5 20. Kf1 Kh7 21. g3 b6 22. Bb5 Rab8 23. Kg2 Qf8 24. Rc4 Bh6 25. f4 e5 26. dxe6 fxe6 27. Rd1 Rd8 28. Rd4 d5 29. exd5 Bg7 30. d6 Bxd4 31. Qxd4 Qf5 32. Bc6 Rbc8 33. Bf3 Rd7 34. Qe5 Rcd8 35. Qxf5 exf5 36. Rc1 Rxd6 37. Bxc5 bxc5 38. Rxc5 Rd2+ 39. Kh3 Rxa2 40. Bd5 Re8 41. Bc4 Re7 42. Rc8 Rd7 43. Kh4 Kh6 44. Rh8+ Kg7 45. Rg8+ Kh6 46. Rh8+ Kg7 47. Rg8+ Kf6 48. Rf8+ Ke7 49. Ra8 Rd6 50. h3 Kf6 51. Ra7 g5+ 52. fxg5+ Ke5 53. Kxh5 Rg2 54. Rxa5+ Ke4 55. Kh4 Rd4 56. g6 Kf3+ 57. Kg5 Rxg3+ 58. Kf6 Rd6+ 59. Be6 f4 60. h4 Ke3 61. Re5+ Kd4 62. Rf5 f3 63. h5 Ke3 64. Ke7 Rb6 65. Bd5 f2 66. Kf7 Ra6 67. Bc4 Ra7+ 68. Kf8 Ra8+ 69. Kg7 Rc8 70. h6 Rc7+ 71. Bf7 Rf3 72. Rxf3+ Kxf3 73. h7 f1Q 74. h8Q Qa1+ 75. Kh7 Qh1+ 76. Kg7 Qa1+ 77. Kh7 Qh1+ 78. Kg7 Qa1+ 1/2-1/2

[Event "Titled Tuesday intern op 20th Oct"]
[Site "Chess.com INT"]
[Date "2020.10.20"]
[Round "8"]
[White "Holt, Conrad"]
[Black "Illingworth, Max"]
[Result "1-0"]
[WhiteElo "2549"]
[BlackElo "2493"]
[PlyCount "119"]
[EventDate "2020.10.20"]
[EventType "swiss (blitz)"]
[EventRounds "11"]
[EventCountry "USA"]
[SourceTitle "EXT 2022"]
[Source "ChessBase"]
[SourceDate "2021.10.06"]
[SourceVersion "1"]
[SourceVersionDate "2021.10.06"]
[SourceQuality "1"]

1. d4 Nf6 2. c4 c5 3. d5 b5 4. cxb5 a6 5. bxa6 g6 6. Nc3 Bg7 7. e4 0-0 8. Nf3 Qa5 9. Nd2 Bxa6 10. Be2 Bxe2 11. Qxe2 e6 12. 0-0 exd5 13. exd5 Re8 14. Qc4 d6 15. Nb5 Qb6 16. Qb3 Ra6 17. Nc4 Qd8 18. Bg5 h6 19. Bxf6 Qxf6 20. Nc7 Rd8 21. Nxa6 Nxa6 22. Rfe1 Nb4 23. Rad1 Qf5 24. Ne3 Qd7 25. a3 Na6 26. Qb6 Nc7 27. b4 cxb4 28. axb4 Nb5 29. Qc6 Nc3 30. Rc1 Qxc6 31. dxc6 Rc8 32. Rxc3 Bxc3 33. Nd5 Bxe1 34. Ne7+ Kf8 35. Nxc8 Ke8 36. Nxd6+ Kd8 37. Nxf7+ Kc7 38. b5 h5 39. h4 Bc3 40. f4 Kb6 41. Ne5 Ba5 42. Nxg6 Kxb5 43. f5 Kxc6 44. f6 Bb6+ 45. Kh2 Bc5 46. f7 Kd5 47. f8Q Bxf8 48. Nxf8 Ke5 49. Kh3 Kf5 50. Nd7 Ke6 51. Nb6 Kf5 52. Nc4 Kf4 53. Nd2 Kf5 54. Nf3 Ke4 55. Kg3 Kf5 56. Ng5 Ke5 57. Nh3 Kf5 58. Nf4 Kf6 59. Nxh5+ Kf5 60. Nf4 1-0

[Event "Titled Tuesday intern op 20th Oct"]
[Site "Chess.com INT"]
[Date "2020.10.20"]
[Round "6"]
[White "Kovalev, Denis"]
[Black "Illingworth, Max"]
[Result "0-1"]
[WhiteElo "2487"]
[BlackElo "2493"]
[PlyCount "74"]
[EventDate "2020.10.20"]
[EventType "swiss (blitz)"]
[EventRounds "11"]
[EventCountry "USA"]
[SourceTitle "EXT 2022"]
[Source "ChessBase"]
[SourceDate "2021.10.06"]
[SourceVersion "1"]
[SourceVersionDate "2021.10.06"]
[SourceQuality "1"]

1. Nf3 c5 2. c4 Nc6 3. Nc3 Nf6 4. g3 g6 5. Bg2 Bg7 6. 0-0 0-0 7. d4 cxd4 8. Nxd4 Qa5 9. Nb3 Qh5 10. e4 d6 11. Qxh5 Nxh5 12. Nd5 a5 13. Rb1 a4 14. Nd2 Nf6 15. Re1 Nxd5 16. exd5 Nb4 17. Rxe7 Nxa2 18. Re1 Bf5 19. Ne4 Nxc1 20. Rexc1 Rfe8 21. Re1 Bxe4 22. Rxe4 Rxe4 23. Bxe4 Ra6 24. Bc2 Bd4 25. Ra1 Rb6 26. Bxa4 Rxb2 27. Rf1 b6 28. Kg2 Bc5 29. h4 Kg7 30. g4 Kf6 31. Kg3 Rd2 32. f3 h6 33. Bb5 Bd4 34. Rb1 g5 35. hxg5+ hxg5 36. Rh1 Be5+ 37. Kh3 Bf4 0-1

[Event "Asia Nations online Cup"]
[Site "Chess.com INT"]
[Date "2020.10.16"]
[Round "4.4"]
[White "Illingworth, Max"]
[Black "Rahman, Ziaur"]
[Result "1/2-1/2"]
[WhiteElo "2493"]
[BlackElo "2415"]
[PlyCount "52"]
[EventDate "2020.10.10"]
[EventType "team-swiss (rapid)"]
[EventRounds "9"]
[EventCountry "IND"]
[SourceTitle "CBM 198 Extra"]
[Source "ChessBase"]
[SourceDate "2020.11.30"]
[SourceVersion "1"]
[SourceVersionDate "2020.11.30"]
[SourceQuality "1"]
[WhiteTeam "Australia"]
[BlackTeam "Bangladesh"]
[WhiteTeamCountry "AUS"]
[BlackTeamCountry "BAN"]

1. d4 d5 2. c4 e6 3. Nc3 c5 4. cxd5 exd5 5. Nf3 Nc6 6. dxc5 d4 7. Na4 Bxc5 8. Nxc5 Qa5+ 9. Qd2 Qxc5 10. e3 dxe3 11. Qxe3+ Qxe3+ 12. Bxe3 Nge7 13. Bb5 0-0 14. 0-0 a6 15. Ba4 Be6 16. Rfc1 Rfc8 17. Bc5 h6 18. a3 Ng6 19. Bxc6 bxc6 20. Nd4 Bd5 21. Nf5 Re8 22. Ne3 Nf4 23. Rd1 Bb3 24. Rd6 Re6 25. Rxe6 Nxe6 26. Rc1 Rd8 1/2-1/2

[Event "Asia Nations online Cup"]
[Site "Chess.com INT"]
[Date "2020.10.10"]
[Round "3.2"]
[White "Tabatabaei, Mohammad Amin"]
[Black "Illingworth, Max"]
[Result "1-0"]
[WhiteElo "2629"]
[BlackElo "2493"]
[PlyCount "101"]
[EventDate "2020.10.10"]
[EventType "team-swiss (rapid)"]
[EventRounds "9"]
[EventCountry "IND"]
[SourceTitle "CBM 198 Extra"]
[Source "ChessBase"]
[SourceDate "2020.11.30"]
[SourceVersion "1"]
[SourceVersionDate "2020.11.30"]
[SourceQuality "1"]
[WhiteTeam "Iran"]
[BlackTeam "Australia"]
[WhiteTeamCountry "IRI"]
[BlackTeamCountry "AUS"]

1. e4 e5 2. Nf3 Nf6 3. Nxe5 d6 4. Nf3 Nxe4 5. d4 d5 6. Bd3 Bd6 7. 0-0 0-0 8. c4 c6 9. Nc3 Nxc3 10. bxc3 dxc4 11. Bxc4 Bf5 12. Bg5 Qa5 13. Nh4 Be6 14. Bxe6 Qxg5 15. Nf3 Qa5 16. Bb3 Nd7 17. Qd3 Rad8 18. g3 Nf6 19. Rfe1 Rfe8 20. h4 h6 21. Kg2 Kf8 22. a4 Rxe1 23. Rxe1 Re8 24. Ne5 Re7 25. Qf5 Bxe5 26. dxe5 Nd7 27. Qh7 Rxe5 28. Rd1 Nf6 29. Qh8+ Ng8 30. Rd7 Rf5 31. Rxb7 Qe5 32. Bc2 Rf6 33. Qh7 g6 34. Bxg6 Qd5+ 35. Be4 Qd2 36. Bf3 Qxc3 37. Rb8+ Ke7 38. Qe4+ Re6 39. Qf4 Nf6 40. Rb7+ Nd7 41. Bg4 Rd6 42. Qe4+ Kd8 43. Rxa7 Rd2 44. Qf5 Qd4 45. Rxd7+ Qxd7 46. Qxd7+ Rxd7 47. Bxd7 Kxd7 48. Kf3 Kd6 49. g4 f6 50. Ke3 Kc5 51. f4 1-0

[Event "Titled Tuesday intern op 6th June"]
[Site "Chess.com INT"]
[Date "2020.06.02"]
[Round "7"]
[White "Illingworth, Max"]
[Black "Corrales Jimenez, Fidel"]
[Result "0-1"]
[WhiteElo "2493"]
[BlackElo "2532"]
[PlyCount "70"]
[EventDate "2020.06.02"]
[EventType "swiss (blitz)"]
[EventRounds "10"]
[EventCountry "USA"]
[SourceTitle "CBM 196 Extra"]
[Source "ChessBase"]
[SourceDate "2020.07.31"]
[SourceVersion "1"]
[SourceVersionDate "2020.07.31"]
[SourceQuality "1"]

1. d4 Nf6 2. Nf3 g6 3. g3 Bg7 4. Bg2 0-0 5. 0-0 d5 6. c4 Nc6 7. Nbd2 Re8 8. cxd5 Nxd5 9. e4 Nb6 10. d5 Nb8 11. Nb3 c6 12. Nh4 cxd5 13. exd5 N8d7 14. d6 Ne5 15. dxe7 Qxe7 16. Be3 Bg4 17. Qb1 Nec4 18. Bc5 Qd7 19. Qc2 Re2 20. Qd1 Rd2 21. Qb1 Rxb2 22. Qc1 Be2 23. Re1 Re8 24. Nf3 Na4 25. Bd4 Bxf3 26. Rxe8+ Qxe8 27. Bxf3 Bxd4 28. Nxd4 b5 29. Bc6 Qe5 30. Nf3 Qc5 31. Qe1 Qxc6 32. Ng5 h6 33. Ne4 Nc5 34. Nc3 Nd3 35. Qf1 Rxf2 0-1

[Event "Titled Tuesday intern op 6th June"]
[Site "Chess.com INT"]
[Date "2020.06.02"]
[Round "5"]
[White "Mikhailovsky, Vladimir"]
[Black "Illingworth, Max"]
[Result "0-1"]
[WhiteElo "2228"]
[BlackElo "2493"]
[PlyCount "158"]
[EventDate "2020.06.02"]
[EventType "swiss (blitz)"]
[EventRounds "10"]
[EventCountry "USA"]
[SourceTitle "CBM 196 Extra"]
[Source "ChessBase"]
[SourceDate "2020.07.31"]
[SourceVersion "1"]
[SourceVersionDate "2020.07.31"]
[SourceQuality "1"]

1. e4 d5 2. exd5 Qxd5 3. Nc3 Qa5 4. b4 Qxb4 5. Nf3 Nf6 6. a4 Qd6 7. Ba3 Qd8 8. Bc4 e6 9. Bxf8 Kxf8 10. 0-0 Nc6 11. d4 Na5 12. Ba2 b6 13. Ne5 Bb7 14. f4 g6 15. Qd2 c5 16. f5 Qxd4+ 17. Qxd4 cxd4 18. fxe6 Kg7 19. Nb5 fxe6 20. Nxd4 Rae8 21. Rae1 Bd5 22. c4 Bb7 23. Re2 Re7 24. c5 Bd5 25. cxb6 axb6 26. Rb1 Bxa2 27. Rxa2 Nd5 28. Rf2 Rf8 29. Rxf8 Kxf8 30. Rc1 Kg7 31. Rc8 Kf6 32. Ng4+ Kg7 33. Ne5 h5 34. h4 Nb7 35. Rc6 Nc5 36. a5 Na4 37. a6 Ra7 38. Rxe6 Nf4 39. Rd6 Rxa6 40. g3 Nh3+ 41. Kh2 Ra5 42. Rxg6+ Kh7 43. Ndc6 Rc5 44. Kxh3 Nc3 45. Rg5 Ne4 46. Rxh5+ Kg7 47. Rf5 Nd6 48. Rf4 b5 49. Rg4+ Kh7 50. Rf4 Nc4 51. Nxc4 bxc4 52. Nd4 c3 53. Nc2 Kg7 54. Re4 Rc8 55. Re3 Kf6 56. Kg4 Rc4+ 57. Kf3 Kf5 58. Ke2 Rc7 59. Kd3 Kg4 60. Nd4 Rd7 61. Kxc3 Rc7+ 62. Kd3 Rd7 63. Kc4 Rd8 64. Kc3 Rd7 65. Ne6 Re7 66. Kd4 Kf5 67. Kd5 Rd7+ 68. Kc6 Rd1 69. Ng7+ Kg4 70. h5 Kg5 71. Re5+ Kf6 72. h6 Kxe5 73. g4 Kf6 74. Nh5+ Kg6 75. Nf4+ Kxh6 76. Ng2 Kg5 77. Kc5 Rd3 78. Ne1 Re3 79. Nc2 Rc3+ 0-1

[Event "PRO League KO Stage"]
[Site "Chess.com INT"]
[Date "2019.03.21"]
[Round "1"]
[White "Corrales Jimenez, Fidel"]
[Black "Illingworth, Max"]
[Result "1/2-1/2"]
[WhiteElo "2563"]
[BlackElo "2493"]
[PlyCount "116"]
[EventDate "2019.03.19"]
[EventType "team-k.o. (rapid)"]
[EventRounds "4"]
[EventCountry "USA"]
[SourceTitle "CBM 189 Extra"]
[Source "ChessBase"]
[SourceDate "2019.06.03"]
[SourceVersion "1"]
[SourceVersionDate "2019.06.03"]
[SourceQuality "1"]
[WhiteTeam "Minnesota Blizzard"]
[BlackTeam "Australia Kangaroos"]
[WhiteTeamCountry "USA"]
[BlackTeamCountry "AUS"]

1. e4 e5 2. Nf3 Nc6 3. Bb5 Nf6 4. 0-0 Nxe4 5. d4 Nd6 6. Bxc6 dxc6 7. dxe5 Nf5 8. Qxd8+ Kxd8 9. Nc3 Be7 10. Bg5 Bxg5 11. Nxg5 Ke7 12. Rad1 h6 13. Nf3 g5 14. h3 b6 15. g4 Ng7 16. Nd4 Bb7 17. f4 gxf4 18. Rxf4 Rad8 19. Rdf1 Rhf8 20. b4 a5 21. bxa5 c5 22. Nf5+ Nxf5 23. Rxf5 bxa5 24. R1f2 Bc8 25. e6 fxe6 26. Rxc5 Rxf2 27. Rxc7+ Bd7 28. Kxf2 Kd6 29. Ra7 Bc6 30. Rxa5 Rf8+ 31. Ke2 e5 32. Ra3 Kc5 33. Nd1 Bb5+ 34. Kd2 Kd4 35. Rg3 Bc4 36. a4 Rf1 37. g5 hxg5 38. Rxg5 Be6 39. c3+ Ke4 40. Rg3 Kf4 41. Rg6 Bf5 42. Rg2 Rh1 43. Rf2+ Kg5 44. Rg2+ Kf6 45. Rf2 Ke6 46. Ne3 Be4 47. Re2 Bf3 48. Re1 Rh2+ 49. Kd3 Rxh3 50. Kc4 Rh8 51. a5 Rc8+ 52. Kb4 Rb8+ 53. Kc5 Rc8+ 54. Kb4 Rb8+ 55. Kc5 Rc8+ 56. Kb4 Rb8+ 57. Kc5 Rc8+ 58. Kb4 Rb8+ 1/2-1/2

[Event "PRO League Stage"]
[Site "Chess.com INT"]
[Date "2019.02.27"]
[Round "8"]
[White "Illingworth, Max"]
[Black "Bai, Jinshi"]
[Result "1/2-1/2"]
[WhiteElo "2501"]
[BlackElo "2572"]
[PlyCount "29"]
[EventDate "2019.01.08"]
[EventType "team-swiss (rapid)"]
[EventRounds "10"]
[EventCountry "USA"]
[SourceTitle "CBM 189 Extra"]
[Source "ChessBase"]
[SourceDate "2019.06.03"]
[SourceVersion "1"]
[SourceVersionDate "2019.06.03"]
[SourceQuality "1"]
[WhiteTeam "Australia Kangaroos"]
[BlackTeam "Chengdu Pandas"]
[WhiteTeamCountry "AUS"]
[BlackTeamCountry "CHN"]

1. e4 e5 2. Nf3 Nf6 3. Nc3 Nc6 4. d4 exd4 5. Nxd4 Bb4 6. Nxc6 bxc6 7. Bd3 d5 8. exd5 0-0 9. 0-0 Bg4 10. f3 Bh5 11. dxc6 Qd4+ 12. Kh1 Bxc3 13. bxc3 Qxc3 14. Bg5 Qxc6 15. Re1 1/2-1/2

[Event "PRO League Stage"]
[Site "Chess.com INT"]
[Date "2019.02.27"]
[Round "8"]
[White "Xu, Xiangyu"]
[Black "Illingworth, Max"]
[Result "0-1"]
[WhiteElo "2567"]
[BlackElo "2501"]
[PlyCount "96"]
[EventDate "2019.01.08"]
[EventType "team-swiss (rapid)"]
[EventRounds "10"]
[EventCountry "USA"]
[SourceTitle "CBM 189 Extra"]
[Source "ChessBase"]
[SourceDate "2019.06.03"]
[SourceVersion "1"]
[SourceVersionDate "2019.06.03"]
[SourceQuality "1"]
[WhiteTeam "Chengdu Pandas"]
[BlackTeam "Australia Kangaroos"]
[WhiteTeamCountry "CHN"]
[BlackTeamCountry "AUS"]

1. Nf3 d5 2. d4 Nf6 3. c4 e6 4. Nc3 Be7 5. Bf4 0-0 6. a3 b6 7. Qc2 c5 8. Rd1 Nc6 9. cxd5 exd5 10. e3 g6 11. Ne5 Bf5 12. Qa4 Na5 13. Bh6 c4 14. Bxf8 Bxf8 15. Nc6 Nxc6 16. Qxc6 a6 17. Be2 Bd7 18. Qb7 Rb8 19. Qxa6 Bc6 20. 0-0 Ra8 21. Bxc4 Rxa6 22. Bxa6 Bd6 23. Be2 b5 24. b4 Ne4 25. Nxe4 dxe4 26. Rc1 Bd7 27. Rc3 h5 28. Rfc1 Kg7 29. g3 h4 30. Bf1 f5 31. Bg2 Qe7 32. R1c2 g5 33. Re2 Be6 34. Re1 Bc4 35. Rc2 Qe6 36. Rc3 Kg6 37. Rc2 Kf7 38. Rc3 Ke7 39. Rc2 Kd7 40. Rc3 Bd3 41. Bh3 g4 42. Bg2 h3 43. Bf1 Qa2 44. Rec1 Qb2 45. d5 Be5 46. Rc6 Qxa3 47. Rd1 Qxb4 48. Bxd3 exd3 0-1

[Event "Oceania zt"]
[Site "Tumon"]
[Date "2019.02.21"]
[Round "6"]
[White "Illingworth, Max"]
[Black "Manuel, Enofre Efren D"]
[Result "1-0"]
[WhiteElo "2501"]
[BlackElo "1943"]
[PlyCount "57"]
[EventDate "2019.02.18"]
[EventType "swiss"]
[EventRounds "9"]
[EventCountry "GMA"]
[SourceTitle "CBM 189 Extra"]
[Source "ChessBase"]
[SourceDate "2019.06.03"]
[SourceVersion "1"]
[SourceVersionDate "2019.06.03"]
[SourceQuality "1"]

1. Nf3 Nf6 2. c4 e6 3. g3 d5 4. Bg2 Be7 5. 0-0 0-0 6. d4 c5 7. cxd5 exd5 8. dxc5 Bxc5 9. a3 Nc6 10. b4 Bd6 11. Nc3 Be6 12. Bb2 h6 13. Rc1 a6 14. Na4 Rc8 15. Nc5 Qe7 16. Bxf6 Qxf6 17. Nxb7 Bb8 18. Qd3 Ne5 19. Qxa6 Nxf3+ 20. Bxf3 Rxc1 21. Rxc1 Qb2 22. Rd1 d4 23. Nc5 Bh3 24. Qd3 g6 25. Qxd4 Qa2 26. Ne4 Rc8 27. Nf6+ Kf8 28. Nd5 Ke8 29. Qh8+ 1-0

[Event "Oceania zt"]
[Site "Tumon"]
[Date "2019.02.19"]
[Round "3"]
[White "Paras, Radcliffe"]
[Black "Illingworth, Max"]
[Result "0-1"]
[WhiteElo "1653"]
[BlackElo "2501"]
[PlyCount "78"]
[EventDate "2019.02.18"]
[EventType "swiss"]
[EventRounds "9"]
[EventCountry "GMA"]
[SourceTitle "CBM 189 Extra"]
[Source "ChessBase"]
[SourceDate "2019.06.03"]
[SourceVersion "1"]
[SourceVersionDate "2019.06.03"]
[SourceQuality "1"]

1. d4 c5 2. e3 Nf6 3. Bd3 Nc6 4. Nf3 d5 5. b3 cxd4 6. exd4 Bg4 7. Be3 e6 8. Nbd2 Bb4 9. a3 Bc3 10. Be2 Bxa1 11. Qxa1 0-0 12. h3 Bf5 13. Qb2 Ne4 14. g4 Nxd2 15. Bxd2 Be4 16. 0-0 Bxf3 17. Bxf3 Qf6 18. Bd1 Nxd4 19. Bc3 e5 20. f4 Qh4 21. Kh2 Rac8 22. g5 Rxc3 23. Qxc3 Nc6 24. Qg3 Qxg3+ 25. Kxg3 e4 26. c3 f5 27. Kf2 Nd8 28. Ke3 Ne6 29. Rf2 Rc8 30. Rc2 Rxc3+ 31. Rxc3 d4+ 32. Kd2 dxc3+ 33. Kxc3 Nxf4 34. h4 Kf7 35. Kd4 Ke6 36. b4 Kd6 37. Bb3 Ne6+ 38. Ke3 Ke5 39. Bxe6 f4+ 0-1

[Event "Olympiad-43"]
[Site "Batumi"]
[Date "2018.10.02"]
[Round "8.3"]
[White "Illingworth, Max"]
[Black "Volodin, Aleksandr"]
[Result "1/2-1/2"]
[WhiteElo "2512"]
[BlackElo "2457"]
[PlyCount "60"]
[EventDate "2018.09.24"]
[EventType "team-swiss"]
[EventRounds "11"]
[EventCountry "GEO"]
[SourceTitle "CBM 187"]
[Source "ChessBase"]
[SourceDate "2018.12.11"]
[SourceVersion "1"]
[SourceVersionDate "2018.12.11"]
[SourceQuality "1"]
[WhiteTeam "Australia"]
[BlackTeam "Estonia"]
[WhiteTeamCountry "AUS"]
[BlackTeamCountry "EST"]

1. e4 c5 2. Nf3 Nc6 3. Bb5 e6 4. 0-0 Nge7 5. d4 cxd4 6. Nxd4 Qb6 7. Nxc6 bxc6 8. Bd3 Ng6 9. c4 Be7 10. Nc3 0-0 11. Na4 Qc7 12. c5 d5 13. cxd6 Bxd6 14. g3 c5 15. Be3 c4 16. Rc1 Ba6 17. Bxc4 Bxc4 18. b3 Bxb3 19. axb3 Qe7 20. Qc2 Rab8 21. Rfd1 Ba3 22. Ra1 Rfc8 23. Qd3 h6 24. Qa6 Rc7 25. Nb6 Bb2 26. Rab1 Ba3 27. Ra1 Bb2 28. Rab1 Ba3 29. Ra1 Bb2 30. Rab1 Ba3 1/2-1/2

[Event "Gold Coast op"]
[Site "Gold Coast"]
[Date "2018.07.02"]
[Round "8"]
[White "Smirnov, Anton"]
[Black "Illingworth, Max"]
[Result "1-0"]
[WhiteElo "2529"]
[BlackElo "2524"]
[PlyCount "99"]
[EventDate "2018.06.28"]
[EventType "swiss"]
[EventRounds "9"]
[EventCountry "AUS"]
[SourceTitle "CBM 185 Extra"]
[Source "ChessBase"]
[SourceDate "2018.07.29"]
[SourceVersion "1"]
[SourceVersionDate "2018.07.29"]
[SourceQuality "1"]

1. d4 d5 2. c4 c6 3. Nf3 Nf6 4. Nc3 e6 5. Bg5 h6 6. Bxf6 Qxf6 7. e3 g6 8. Be2 Bg7 9. 0-0 0-0 10. Qc2 Nd7 11. e4 dxc4 12. Bxc4 e5 13. d5 Nb6 14. Bb3 Bg4 15. Nd2 Rac8 16. Qd3 Rfd8 17. Nc4 Bf8 18. Qg3 Nxc4 19. Bxc4 h5 20. h3 Bd7 21. Rad1 Bc5 22. dxc6 bxc6 23. Rd3 h4 24. Rf3 hxg3 25. Rxf6 Bxf2+ 26. Kh1 Be8 27. Rxg6+ Kf8 28. Rg5 f6 29. Rg8+ Ke7 30. Ne2 Rd4 31. b3 Rxe4 32. Nxg3 Bxg3 33. Rg7+ Kd6 34. Rxf6+ Kc5 35. Rxg3 Bh5 36. Rc3 Kb4 37. Rc1 Ka3 38. g4 Be8 39. Rc2 a5 40. Kh2 Re3 41. Rf8 Bd7 42. Rxc8 Bxc8 43. Rg2 c5 44. h4 Bb7 45. Rg3 Re1 46. Rg1 Rxg1 47. Kxg1 Kxa2 48. g5 Be4 49. h5 Ka1 50. g6 1-0